| 000 | 01566cam a22003977a 4500 | ||
|---|---|---|---|
| 999 |
_c28977 _d28948 |
||
| 001 | 14153660 | ||
| 003 | EG-ScBUE | ||
| 005 | 20201020145505.0 | ||
| 008 | 051025r20062004caua f b 001 0 eng d | ||
| 020 | _a9788131202197 | ||
| 020 | _a8131202194 | ||
| 035 | _a(OCoLC)ocm60964437 | ||
| 040 |
_aUKM _beng _erda _cUKM _dBAKER _dUNA _dDLC _dEG-ScBUE |
||
| 082 | 0 | 4 |
_a005.74 _bGÜT _222 |
| 100 | 1 |
_aGüting, Ralf Hartmut, _d1955- _eauthor. |
|
| 245 | 1 | 0 |
_aMoving objects databases / _cRalf Hartmut Güting, Hagen, Germany, Markus Schneider, Gainesville, Florida, USA. |
| 250 | _aReprinted edition. | ||
| 264 | 1 |
_aSan Francisco, CA : _bMorgan Kaufmann Publishers, _c2006. |
|
| 300 |
_axxi, 389 pages : _billustrations ; _c25 cm. |
||
| 336 |
_2rdacontent _atext _btxt |
||
| 337 |
_2rdamedia _aunmediated _bn |
||
| 338 |
_2rdacarrier _avolume _bnc |
||
| 490 | 0 | _aThe Morgan Kaufmann series | |
| 504 | _aIncludes bibliographical references and index. | ||
| 650 | 7 |
_aDatabase management. _2BUEsh |
|
| 650 | 7 |
_aComputer animation. _2BUEsh |
|
| 650 | 7 |
_aComputer simulation. _2BUEsh |
|
| 653 |
_bMASIICCSS _cOctober2020 |
||
| 655 |
_vReading book _934232 |
||
| 700 | 1 |
_aSchneider, Markus, _d1963- _eauthor. |
|
| 856 | 4 | 2 |
_3Publisher description _uhttp://www.loc.gov/catdir/enhancements/fy0627/2005283725-d.html |
| 856 | 4 | 1 |
_3Table of contents only _uhttp://www.loc.gov/catdir/enhancements/fy0627/2005283725-t.html |
| 906 |
_a7 _bcbc _ccopycat _d2 _encip _f20 _gy-gencatlg |
||
| 942 |
_2ddc _cBB |
||